La depresión: etiología y tratamiento /
Uloženo v:
| Hlavní autor: | |
|---|---|
| Médium: | Text |
| Tagy: |
Přidat tag
Žádné tagy, Buďte první, kdo vytvoří štítek k tomuto záznamu!
|
MARC
| LEADER | 00000 a a2200000 04500 | ||
|---|---|---|---|
| 001 | 46539 | ||
| 003 | |||
| 040 | |||
| 100 | |a Bogaert García, Huberto | ||
| 245 | |a La depresión: |b etiología y tratamiento / |c Huberto Bogaert García | ||
| 773 | |g volumen37, número2 ( , 2012), páginas 183-197 | ||
| 999 | |c 32391 |d 32391 | ||
